000 01260pam a2200337 a 4500
001 3542373
003 OSt
005 20250901165801.0
008 970414s1997 vtu 001 0 eng
010 _a 97013736
020 _a0882669966 (pbk. : alk. paper)
040 _aDLC
_cDLC
_dDLC
050 0 0 _aBF 637 .T5 A85 1997
_bA85 1997
082 0 0 _a640
_221
100 1 _aAslett, Don,
_d1935-
245 1 0 _aKeeping work simple :
_b500 tips, rules, and tools /
_cDon Aslett and Carol Cartaino.
260 _aPownal, Vt. :
_bStorey Communications,
_cc1997.
300 _aviii, 151 p. ;
_c21 cm.
500 _a"A Storey Publishing book."
500 _aIncludes index.
650 0 _aTime management.
650 0 _aSelf-management (Psychology)
650 0 _aStress (Psychology)
650 0 _aJob stress
700 1 _aCartaino, Carol,
_d1944-
856 4 2 _3Publisher description
_uhttp://www.loc.gov/catdir/enhancements/fy0713/97013736-d.html
856 4 1 _3Table of contents only
_uhttp://www.loc.gov/catdir/enhancements/fy0713/97013736-t.html
906 _a7
_bcbc
_corignew
_d1
_eocip
_f19
_gy-gencatlg
942 _2lcc
_cBK
999 _c9188
_d9188